| 000 | 00744nam a22001457a 4500 | ||
|---|---|---|---|
| 003 | NUST | ||
| 005 | 20230210100226.0 | ||
| 008 | 230210b ||||| |||| 00| 0 eng d | ||
| 082 | _a954.0445,AZF | ||
| 245 |
_aRann of Kutch Skirmishes (March - April 1965) / _cLt Col. Azfar Mehmood Azhar (R) |
||
| 260 |
_aPakistan, _b4 Punjab Regiment |
||
| 300 | _aix, 149p. | ||
| 505 | _aIntroduction (Page-vii), The Rann of kutch dispute (Page-1), Operation 'Desert Hawk' - Attack on sardar post (Page-47), Sequel to sardar post action (Page-81), The battles of the bhets (1) (Page-93), The battles of bhets (2) (Page-119), Dep facto cease fire and analysis of operations in the Rann (Page-139), Bibliography (Page-149). | ||
| 942 |
_2ddc _cBK _k954.0445,AZF |
||
| 999 |
_c593199 _d593199 |
||